000 00334nam a2200145Ia 4500
003 OSt
005 20231204094804.0
008 170524s9999 xx 000 0 und d
020 _a9788120318892
040 _cIIMT UNIVERSITY
100 _aSTAISON
245 0 _aMS EXCEL VERSION 2002
260 _bHIMALYA PUB. HOUSE
942 _2ddc
_c02
999 _c7962
_d7962